[Event "London Chess Classic FIDE Open"]
[Site "London ENG"]
[Date "2010.12.13"]
[Round "6"]
[White "Wadsworth, Matthew J"]
[Black "Coleman, David J"]
[Result "0-1"]
[BlackTitle "CM"]
[WhiteElo "1889"]
[BlackElo "2247"]
[WhiteFideId "415804"]
[BlackFideId "402087"]
[EventDate "2010.12.08"]

1. c4 c5 2. g3 Nc6 3. Bg2 g6 4. Nc3 Bg7 5. a3 d6 6. Rb1 a5 7. d3 e6 8. e4 Nge7
9. Nge2 O-O 10. O-O Bd7 11. f4 Rb8 12. Be3 Nd4 13. Bf2 Nec6 14. Nxd4 Nxd4 15.
Ne2 Nxe2+ 16. Qxe2 b5 17. e5 bxc4 18. dxc4 Qc7 19. exd6 Qxd6 20. Rfd1 Qc7 21.
Kh1 Rfd8 22. b3 Bc6 23. Rxd8+ Rxd8 24. Be3 Bd4 25. Bxd4 Rxd4 26. Bxc6 Qxc6+ 27.
Kg1 Qd6 28. Rf1 Rd3 29. Rb1 h5 30. Qe4 Rd2 31. Re1 Rb2 32. Qe5 Qd2 0-1

[Event "London Chess Classic FIDE Open"]
[Site "London ENG"]
[Date "2010.12.13"]
[Round "6"]
[White "Wallace, Paul"]
[Black "Doran, Chris"]
[Result "1-0"]
[WhiteElo "2231"]
[BlackElo "1988"]
[WhiteFideId "2500892"]
[BlackFideId "503835"]
[EventDate "2010.12.08"]

1. e4 c5 2. Nf3 d6 3. d4 cxd4 4. Nxd4 Nf6 5. Nc3 g6 6. Be3 Bg7 7. f3 O-O 8. Qd2
Nc6 9. O-O-O d5 10. exd5 Nxd5 11. Nxc6 bxc6 12. Bd4 Nxc3 13. Qxc3 Bh6+ 14. Be3
Bxe3+ 15. Qxe3 Qb6 16. Qxe7 Be6 17. Qa3 Rfd8 18. Ba6 Rab8 19. Rd3 Bf5 20. Re3
Re8 21. Rhe1 Rxe3 22. Rxe3 Rd8 23. Be2 Be6 24. Qc3 a5 25. a4 c5 26. Bc4 Bxc4 27.
Qxc4 Qf6 28. Qxc5 Qf4 29. b3 Qxh2 30. Qxa5 Qg1+ 31. Re1 Qd4 32. Kb1 h5 33. Qg5
Rc8 34. Qe3 Qb4 35. Qe4 Qc3 36. Rd1 Rb8 37. Qd4 Qc8 38. Qd6 Qb7 39. g4 hxg4 40.
fxg4 Re8 41. Qf6 Qe4 42. g5 Rc8 43. Rd8+ Rxd8 44. Qxd8+ Kg7 45. Qf6+ Kg8 46. Kb2
Qd5 47. b4 Qd2 48. Kb3 Qc1 49. a5 Qb1+ 50. Qb2 Qg1 51. Qe5 Qb1+ 52. Kc4 Qxc2+
53. Kb5 Qd3+ 54. Kc5 1-0

[Event "London Chess Classic FIDE Open"]
[Site "London ENG"]
[Date "2010.12.13"]
[Round "6"]
[White "Andreev, Peter"]
[Black "Britton, Richard L"]
[Result "1/2-1/2"]
[BlackTitle "FM"]
[WhiteElo "1864"]
[BlackElo "2229"]
[WhiteFideId "406350"]
[BlackFideId "401692"]
[EventDate "2010.12.08"]

1. e4 c5 2. Nc3 Nc6 3. Bb5 Nd4 4. Bc4 g6 5. Nf3 Bg7 6. Nxd4 cxd4 7. Qf3 e6 8.
Nb5 d6 9. Qg3 e5 10. Qb3 Nh6 11. d3 Rf8 12. Qb4 Ke7 13. f4 a6 14. Na3 Ng8 15.
O-O Qc7 16. fxe5 Bxe5 17. Bd5 Nf6 18. Bg5 h6 19. Bxh6 Nxd5 20. Bxf8+ Kxf8 21.
exd5 Qe7 22. Rae1 b5 23. c4 Bf5 24. cxb5 Bxd3 25. Rf3 Bxb5 26. Nxb5 axb5 27.
Qxb5 Bxh2+ 28. Kxh2 Qxe1 29. Qb7 Qh4+ 30. Kg1 Qe1+ 31. Kh2 Qh4+ 32. Kg1 1/2-1/2

[Event "London Chess Classic FIDE Open"]
[Site "London ENG"]
[Date "2010.12.13"]
[Round "6"]
[White "Willmoth, Robert F"]
[Black "Milnes, Anthony C P"]
[Result "1-0"]
[WhiteElo "2238"]
[BlackElo "2080"]
[WhiteFideId "402540"]
[BlackFideId "409634"]
[EventDate "2010.12.08"]

1. e4 e6 2. d3 d5 3. Nd2 Nf6 4. Ngf3 Nc6 5. h3 Bc5 6. g3 O-O 7. Bg2 dxe4 8. dxe4
e5 9. O-O a5 10. Re1 b6 11. Nh4 Re8 12. Nf5 a4 13. c3 b5 14. Qf3 Be6 15. a3 Na5
16. Rb1 Ba2 17. Ra1 Be6 18. Nf1 Nb3 19. Rb1 Nxc1 20. Rbxc1 c6 21. g4 Qc7 22.
N1g3 Bf8 23. Bf1 Nd7 24. c4 b4 25. axb4 Bxb4 26. Red1 a3 27. bxa3 Rxa3 28. Qe2
Rea8 29. h4 Bc5 30. h5 Qa7 31. Rd2 g6 32. Kg2 Nb6 33. Nh4 Be7 34. Kh3 Bg5 35. c5
Nd7 36. Rcc2 gxh5 37. Nf5 Bxd2 38. Rxd2 Nxc5 39. gxh5 Bxf5+ 40. exf5 Qe7 41. Rc2
R8a4 42. Kg2 Nd3 43. Kg1 Nf4 44. Qg4+ Kh8 45. f6 Qxf6 46. Qc8+ Kg7 47. Nf5+ 1-0

[Event "London Chess Classic FIDE Open"]
[Site "London ENG"]
[Date "2010.12.13"]
[Round "6"]
[White "Tate, Alan"]
[Black "Nelson, Omowale"]
[Result "1-0"]
[WhiteElo "2234"]
[BlackElo "2063"]
[WhiteFideId "2401878"]
[BlackFideId "7400209"]
[EventDate "2010.12.08"]

1. e4 c6 2. d4 d5 3. exd5 cxd5 4. c4 Nf6 5. Nc3 e6 6. Nf3 Bb4 7. cxd5 Nxd5 8.
Bd2 Nc6 9. Bd3 O-O 10. O-O Be7 11. Re1 Bf6 12. Ne4 Bxd4 13. Neg5 g6 14. Nxd4
Nxd4 15. h4 Qf6 16. Bc4 Nc6 17. Ne4 Qg7 18. Qc1 Rd8 19. Bg5 f6 20. Bxd5 fxg5 21.
Bxc6 bxc6 22. hxg5 Bd7 23. Qc5 Qf8 24. Nf6+ Kf7 25. Qe5 Qe7 26. Re4 1-0

[Event "London Chess Classic FIDE Open"]
[Site "London ENG"]
[Date "2010.12.13"]
[Round "6"]
[White "Paez, David"]
[Black "Anderton, Matthew N"]
[Result "0-1"]
[WhiteElo "2035"]
[BlackElo "2227"]
[WhiteFideId "4405196"]
[BlackFideId "403237"]
[EventDate "2010.12.08"]

1. e4 e6 2. d4 d5 3. Nc3 Bb4 4. e5 c5 5. a3 Bxc3+ 6. bxc3 Ne7 7. Qg4 Qc7 8. Qxg7
Rg8 9. Qxh7 cxd4 10. Ne2 Nbc6 11. f4 Bd7 12. Qd3 dxc3 13. Nxc3 a6 14. Ne2 Nf5
15. Bd2 O-O-O 16. Rb1 d4 17. Ng3 Nxg3 18. hxg3 Be8 19. Be2 Ne7 20. Kf2 Bb5 21.
Rxb5 axb5 22. Qxb5 Rd5 23. Qa4 Kb8 24. Bb4 d3 25. cxd3 Qb6+ 26. Kf1 Nf5 27. Ke1
Rc8 28. g4 Rc1+ 0-1

[Event "London Chess Classic FIDE Open"]
[Site "London ENG"]
[Date "2010.12.13"]
[Round "6"]
[White "Grant, Jonathan I M"]
[Black "Heaton, Paul"]
[Result "1-0"]
[WhiteElo "2201"]
[BlackElo "2029"]
[WhiteFideId "2400294"]
[BlackFideId "411116"]
[EventDate "2010.12.08"]

1. c4 f5 2. Nf3 e6 3. g3 Nf6 4. Bg2 Be7 5. O-O O-O 6. d4 d6 7. Nc3 a5 8. Re1 Ne4
9. Qc2 Nxc3 10. bxc3 Nc6 11. Rb1 e5 12. d5 Nb8 13. c5 Nd7 14. cxd6 Bxd6 15. e4
Nc5 16. Ng5 h6 17. Ne6 Nxe6 18. dxe6 Bxe6 19. Bh3 b6 20. exf5 Bd5 21. c4 Bc6 22.
Be3 Qe7 23. c5 bxc5 24. Rbc1 Bd7 25. Bxc5 Qg5 26. Be3 Qf6 27. g4 Qh4 28. Qc4+
Kh8 29. Bg2 Rab8 30. h3 Rb2 31. Rc2 Rfb8 32. Rxb2 Rxb2 33. Qa6 Qe7 34. Qxa5 Bb4
35. Qa8+ Qe8 36. Qxe8+ Bxe8 37. Rd1 Bd6 38. Bd5 Ba4 39. Rc1 c6 40. Bxc6 Rxa2 41.
Be4 Bd7 42. Rd1 Ra6 43. Bb7 Ba4 44. Rd2 1-0

[Event "London Chess Classic FIDE Open"]
[Site "London ENG"]
[Date "2010.12.13"]
[Round "6"]
[White "Toubale, Tarek"]
[Black "Obiamiwe, Paul"]
[Result "1-0"]
[WhiteElo "2168"]
[BlackElo "2021"]
[WhiteFideId "681075"]
[BlackFideId "8500215"]
[EventDate "2010.12.08"]

1. e4 e5 2. Nc3 Nc6 3. g3 Nf6 4. Bg2 Be7 5. Nge2 d6 6. d4 O-O 7. O-O h6 8. h3
Re8 9. d5 Nb8 10. Nb1 c6 11. c4 Nbd7 12. Nbc3 Bf8 13. Be3 a5 14. a3 Nc5 15. b4
Na6 16. Qb3 Nd7 17. Rfd1 Qc7 18. Rac1 axb4 19. axb4 c5 20. b5 Nb4 21. Ra1 Qb8
22. Na2 Nxa2 23. Rxa2 Rxa2 24. Qxa2 Nb6 25. Nc3 Bd7 26. Bf1 Qc7 27. Ra1 Ra8 28.
Qb2 Qb8 29. f4 f6 30. Bd2 Ra7 31. Rxa7 Qxa7 32. Qa2 Qxa2 33. Nxa2 Be7 34. Ba5
Nc8 35. Nc1 Kf8 36. Nd3 Ke8 37. Kh2 Bd8 38. Bd2 Nb6 39. Nb2 Nc8 40. h4 h5 41. f5
Kf7 42. Bh3 Ne7 43. g4 hxg4 44. Bxg4 Bc8 45. Kg3 g6 46. fxg6+ Kxg6 47. Bxc8 Nxc8
48. Kg4 Ne7 49. h5+ Kg7 50. Nd1 f5+ 51. exf5 Ng8 52. Bg5 Nh6+ 53. Bxh6+ Kxh6 54.
Nf2 Be7 55. Ne4 Kg7 56. f6+ Bxf6 57. Nxd6 b6 58. Ne8+ Kf7 59. Nxf6 Kxf6 60. h6 1-0

[Event "London Chess Classic FIDE Open"]
[Site "London ENG"]
[Date "2010.12.13"]
[Round "6"]
[White "Pedersen, Carsten"]
[Black "Szalontay, Mihaly"]
[Result "1-0"]
[WhiteElo "2154"]
[BlackElo "1977"]
[WhiteFideId "1409760"]
[BlackFideId "746967"]
[EventDate "2010.12.08"]

1. e4 g6 2. Nc3 Bg7 3. g3 d6 4. Bg2 c5 5. d3 Nc6 6. f4 Nf6 7. Nf3 O-O 8. O-O Be6
9. h3 Qc8 10. g4 h5 11. g5 Ne8 12. Kh2 Nd4 13. Nh4 Kh7 14. f5 Bd7 15. Nd5 Qd8
16. c3 Nc6 17. fxg6+ fxg6 18. Rxf8 Bxf8 19. Nf4 e5 20. Nhxg6 Bh6 21. gxh6 exf4
22. Nxf4 h4 23. Nd5 Be6 24. Qh5 Nf6 25. Qg5 Ne8 26. Qf4 Ne5 27. d4 Nd3 28. Qe3
Nxc1 29. Rxc1 Rc8 30. Rf1 cxd4 31. Qxd4 Qg5 32. Rf3 Bxd5 33. exd5 Rc7 34. Qf2
Kxh6 35. Rf4 Ng7 36. Rxh4+ Nh5 37. Rg4 Qe5+ 38. Kg1 Re7 39. Qf8+ Rg7 40. Qh8+
Rh7 41. Qf8+ Rg7 42. Be4 Qxe4 43. Qxg7+ 1-0

[Event "London Chess Classic FIDE Open"]
[Site "London ENG"]
[Date "2010.12.13"]
[Round "6"]
[White "Cannon, Richard J"]
[Black "De Lagontrie, Jean"]
[Result "1/2-1/2"]
[WhiteElo "2119"]
[BlackElo "1948"]
[WhiteFideId "408670"]
[BlackFideId "605271"]
[EventDate "2010.12.08"]

1. e4 c5 2. Nf3 Nc6 3. d4 cxd4 4. Nxd4 Nf6 5. Nc3 e5 6. Ndb5 d6 7. Nd5 Nxd5 8.
exd5 Nb8 9. c4 Be7 10. Be2 a6 11. Na3 O-O 12. O-O f5 13. f4 Bf6 14. Qb3 Nd7 15.
fxe5 Bxe5 16. Be3 Qh4 17. Bf4 Bxf4 18. g3 Bxg3 19. hxg3 Qg5 20. Rf4 Nc5 21. Qe3
Bd7 22. Rf3 Qxe3+ 23. Rxe3 Rae8 24. Rxe8 Rxe8 25. Bf3 a5 26. Nc2 Nd3 27. b3 f4
28. Rd1 Ne5 29. Kg2 Nxf3 30. Kxf3 fxg3 31. Nd4 g2 32. Kxg2 h5 33. a3 g5 34. Rd3
Kg7 35. b4 axb4 36. axb4 Kg6 37. c5 dxc5 38. bxc5 Bf5 39. Nxf5 Kxf5 40. Rb3 Ke4
41. d6 Kd5 42. Rxb7 Kxc5 43. Re7 Rd8 44. Re5+ Kxd6 1/2-1/2

[Event "London Chess Classic FIDE Open"]
[Site "London ENG"]
[Date "2010.12.13"]
[Round "6"]
[White "Schweitzer, Werner"]
[Black "McKerracher, Douglas"]
[Result "1/2-1/2"]
[WhiteElo "2115"]
[BlackElo "1940"]
[WhiteFideId "1622927"]
[BlackFideId "2401002"]
[EventDate "2010.12.08"]

1. e4 d5 2. exd5 Qxd5 3. Nc3 Qa5 4. d4 Nf6 5. Bc4 Bg4 6. f3 Bf5 7. Bd2 Qb6 8.
Nge2 e6 9. O-O Be7 10. Kh1 c6 11. Bb3 Nbd7 12. Qe1 O-O 13. Rd1 Rad8 14. Ng3 Bg6
15. Be3 Nd5 16. Nxd5 cxd5 17. Bd2 Qc6 18. Bb4 Bxb4 19. Qxb4 Rc8 20. c3 b5 21. a4
a6 22. Ra1 Ra8 23. Rfe1 Nb6 24. Nf1 Nc4 25. Bd1 Rfb8 26. a5 Rc8 27. Kg1 Rab8 28.
Ne3 Qc7 29. Ng4 h6 30. Ne5 Nxe5 31. Rxe5 Qd7 32. Be2 f6 33. Re3 Kf7 34. Re1 Re8
35. Bf1 Rbc8 36. g3 Bf5 37. g4 Bc2 38. b3 g5 39. Qa3 Qc7 40. Qa2 Bg6 41. Qe2 Qd6
42. Qd2 Rc7 43. Kg2 h5 44. Bd3 hxg4 45. Bxg6+ Kxg6 46. fxg4 Kg7 47. Qf2 Rf7 48.
Qe2 Rfe7 49. Qd3 Rc8 50. Rh3 Rh8 51. Ree3 Ree8 52. c4 bxc4 53. bxc4 dxc4 54.
Qxc4 Rxh3 55. Rxh3 Qd5+ 56. Qxd5 exd5 57. Rc3 Re4 58. h3 1/2-1/2

[Event "London Chess Classic FIDE Open"]
[Site "London ENG"]
[Date "2010.12.13"]
[Round "6"]
[White "Marshall, Michael"]
[Black "Sreeves, Clement"]
[Result "1/2-1/2"]
[WhiteElo "1878"]
[BlackElo "2104"]
[WhiteFideId "1409956"]
[BlackFideId "2402564"]
[EventDate "2010.12.08"]

1. d4 f5 2. Bg5 h6 3. Bh4 g5 4. e4 Nf6 5. e5 e6 6. Bg3 f4 7. Bxf4 gxf4 8. exf6
Qxf6 9. Nf3 Nc6 10. c3 b6 11. Nbd2 Bb7 12. Qc2 O-O-O 13. O-O-O Rg8 14. Rg1 Kb8
15. Bd3 d5 16. Rde1 Bd6 17. Kb1 e5 18. dxe5 Nxe5 19. Nxe5 Bxe5 20. Nf3 Bd6 21.
Bh7 Rge8 22. Bd3 Bc5 23. Rxe8 Rxe8 24. Qd2 Bc8 25. Ka1 Re7 26. Re1 Rxe1+ 27.
Qxe1 Qe6 28. Qxe6 Bxe6 29. Nd4 Bxd4 30. cxd4 c5 31. dxc5 bxc5 32. Kb1 c4 33. Bg6
Kc7 34. g3 fxg3 35. hxg3 Kd6 36. f4 Bg8 37. Kc2 d4 38. Kd2 a5 39. a3 Ke6 40. Be4 1/2-1/2

[Event "London Chess Classic FIDE Open"]
[Site "London ENG"]
[Date "2010.12.13"]
[Round "6"]
[White "Lappas, Konstantinos"]
[Black "Harari, Zaki"]
[Result "1/2-1/2"]
[WhiteElo "1858"]
[BlackElo "2197"]
[WhiteFideId "4275748"]
[BlackFideId "2002639"]
[EventDate "2010.12.08"]

1. e4 e6 2. d4 d5 3. Nc3 Nf6 4. exd5 exd5 5. Bg5 Be7 6. Qd2 c6 7. Bd3 Na6 8.
Nge2 Nb4 9. f3 h6 10. Bh4 O-O 11. O-O-O Nxd3+ 12. Qxd3 Ne8 13. Bxe7 Qxe7 14. g4
f5 15. g5 Qxg5+ 16. f4 Qh4 17. Rdg1 Nf6 18. Rg6 Ne4 19. Rhg1 Rf7 20. Nxe4 fxe4
21. Qg3 Qxg3 22. Nxg3 Kh8 23. Nh5 Bf5 24. Rxg7 Raf8 25. c3 e3 26. Kd1 Bd3 27.
Rxf7 Rxf7 28. Rg3 Rf5 29. Rh3 Kh7 30. Rh4 e2+ 31. Ke1 Rf7 32. Rh3 Ba6 33. Re3
Rf5 34. Ng3 1/2-1/2

[Event "London Chess Classic FIDE Open"]
[Site "London ENG"]
[Date "2010.12.13"]
[Round "6"]
[White "Jones, Steven"]
[Black "McKenna, Jason P"]
[Result "1/2-1/2"]
[WhiteElo "1801"]
[BlackElo "2081"]
[WhiteFideId "419630"]
[BlackFideId "403857"]
[EventDate "2010.12.08"]

1. Nf3 g6 2. d4 Bg7 3. e4 d6 4. Nc3 Nf6 5. h3 O-O 6. Be3 a6 7. a4 d5 8. e5 Ne4
9. Nxe4 dxe4 10. Ng5 c5 11. c3 cxd4 12. cxd4 Nc6 13. Nxe4 Qb6 14. Qd2 Rd8 15. a5
Qb4 16. Rd1 Qxd2+ 17. Rxd2 Nxa5 18. g4 Be6 19. Nc3 Nc4 20. Rc2 Rac8 21. Bg2 b5
22. Be4 Nxb2 23. Rxb2 Rxc3 24. O-O f6 25. Ra1 fxe5 26. Rxa6 exd4 27. Bd2 Bc8 28.
Ra7 Rxh3 29. Rxe7 Bf6 30. Ra7 Bxg4 31. Rxb5 Bf3 32. Bxf3 Rxf3 33. Rbb7 h5 34.
Rf7 Rf8 35. Rfd7 Bh8 36. Bh6 R8f7 37. Rd8+ Kh7 38. Rxf7+ Rxf7 39. Bg5 Be5 40.
Rd5 Bg7 41. f4 Rb7 42. Kg2 Kg8 43. Kf3 Kf7 44. Rd6 Rb3+ 45. Kf2 Rb2+ 46. Kf3 Rb7
47. Kf2 Rc7 48. Kf3 Rc3+ 49. Kg2 d3 50. Rd7+ Ke6 51. Rxg7 d2 52. f5+ Kxf5 53.
Bxd2 Rc2 54. Rd7 Kg4 55. Rd4+ Kf5 56. Kh3 Ke5 57. Rd8 Rc5 58. Rf8 Rc4 59. Bh6 1/2-1/2

[Event "London Chess Classic FIDE Open"]
[Site "London ENG"]
[Date "2010.12.13"]
[Round "6"]
[White "Gavriel, Tryfon C"]
[Black "Crichton, Martin"]
[Result "1/2-1/2"]
[WhiteElo "2170"]
[BlackElo "1978"]
[WhiteFideId "403105"]
[BlackFideId "2500973"]
[EventDate "2010.12.08"]

1. d4 Nf6 2. Bg5 d6 3. Nd2 Nbd7 4. e3 c6 5. c3 Qa5 6. Ngf3 h6 7. Bh4 g5 8. Bg3
Bg7 9. Bd3 Nh5 10. Qc2 Ndf6 11. e4 Nxg3 12. hxg3 Be6 13. e5 Nd7 14. exd6 exd6
15. Nc4 Qc7 16. Ne3 O-O-O 17. g4 Rde8 18. O-O-O Kb8 19. Bf5 d5 20. Bxe6 fxe6 21.
Kb1 Nb6 22. Rh3 Nd7 23. Rdh1 Rhf8 24. Qg6 Rg8 25. Qc2 Rgf8 26. Qd3 a6 27. Rc1
Rf4 28. Qg6 Nf6 29. Rc2 Re7 30. Ne5 Nd7 31. Nxd7+ Qxd7 32. f3 Rf6 33. Qd3 Bf8
34. Re2 Ref7 35. Rh1 Bd6 36. Nc2 Bf4 37. c4 Qc7 38. c5 Rf8 39. Nb4 Re8 40. Qc3
Rg6 41. Nd3 Rf6 42. Ka1 Kc8 43. b4 Rh8 44. a4 Kd7 45. Kb2 Ra8 46. Qc2 Rh8 47.
Qb3 Re8 48. Qc3 Ra8 49. Kc2 Rh8 50. Rb1 Rf7 51. b5 axb5 52. axb5 Rb8 53. Kd1
Rff8 54. Rb4 Rh8 55. Reb2 Bg3 56. bxc6+ bxc6 57. Rb6 h5 58. gxh5 Qa7 59. Ke2
Rxh5 60. f4 Rxb6 61. Ne5+ Ke7 62. cxb6 Qa6+ 63. Qd3 Qa1 64. Qd2 Rh1 1/2-1/2

[Event "London Chess Classic FIDE Open"]
[Site "London ENG"]
[Date "2010.12.13"]
[Round "6"]
[White "Boger, Raymond"]
[Black "Quinn, John M"]
[Result "0-1"]
[WhiteElo "1952"]
[BlackElo "2149"]
[WhiteFideId "1507419"]
[BlackFideId "405043"]
[EventDate "2010.12.08"]

1. c4 Nf6 2. g3 g6 3. Bg2 Bg7 4. Nc3 d6 5. e4 e5 6. Nge2 O-O 7. d3 c6 8. O-O Be6
9. h3 Qd7 10. Kh2 h5 11. f4 Na6 12. b3 h4 13. gxh4 exf4 14. Bxf4 Nh5 15. Qd2
Nxf4 16. Nxf4 Qe7 17. h5 g5 18. Nxe6 fxe6 19. d4 c5 20. d5 Be5+ 21. Kh1 Qg7 22.
Rac1 Rxf1+ 23. Bxf1 Bf4 24. Qd1 Bxc1 25. Qxc1 Rf8 26. Be2 Nc7 27. Bg4 Rf2 28.
Qe3 Rc2 29. Ne2 exd5 30. cxd5 Rxa2 31. Bf5 Kf8 32. h4 gxh4 33. h6 Ra1+ 34. Kh2
Qe5+ 35. Qf4 Ra2 36. Qxe5 dxe5 37. d6 Rxe2+ 38. Kh3 Na8 39. Kxh4 Nb6 40. Kg5 Kf7
41. Bg6+ Kf8 42. Kf6 Rh2 43. h7 Nd7+ 44. Ke6 Kg7 45. Bf5 Nf6 46. Kxe5 b5 47. d7
Nxd7+ 48. Bxd7 c4 49. Bxb5 cxb3 50. Kd4 b2 51. Bd3 Rd2 0-1

[Event "London Chess Classic FIDE Open"]
[Site "London ENG"]
[Date "2010.12.13"]
[Round "6"]
[White "Valenti, Richard"]
[Black "Wernet, Andreas"]
[Result "1/2-1/2"]
[WhiteElo "2124"]
[BlackElo "1978"]
[WhiteFideId "602752"]
[BlackFideId "24677787"]
[EventDate "2010.12.08"]

1. e4 e6 2. d3 d5 3. Nd2 c5 4. g3 b6 5. Bg2 Bb7 6. Ngf3 Nf6 7. O-O Nc6 8. Re1
Qc7 9. c3 Be7 10. a3 a5 11. a4 Ba6 12. exd5 Nxd5 13. Nc4 Bf6 14. Nfd2 Rd8 15.
Qh5 Nce7 16. Ne4 Ng6 17. h4 Be7 18. Bg5 h6 19. Bxe7 Qxe7 20. Bh3 O-O 1/2-1/2

[Event "London Chess Classic FIDE Open"]
[Site "London ENG"]
[Date "2010.12.13"]
[Round "6"]
[White "Millward, Richard"]
[Black "Costello, Colin A"]
[Result "1/2-1/2"]
[WhiteElo "2107"]
[BlackElo "1977"]
[WhiteFideId "405698"]
[BlackFideId "403580"]
[EventDate "2010.12.08"]

1. e4 e5 2. Nf3 Nc6 3. Bb5 Nf6 4. O-O Bc5 5. c3 O-O 6. d3 d6 7. h3 Ne7 8. Bg5
Ng6 9. d4 Bb6 10. dxe5 dxe5 11. Qxd8 Rxd8 12. Nbd2 Be6 13. Bc4 h6 14. Bxf6 gxf6
15. Bxe6 fxe6 16. Nc4 Kf7 17. g3 Rd3 18. Kg2 Rg8 19. Rad1 Nf4+ 20. Kh2 Rxf3 21.
Nxb6 axb6 22. gxf4 Ke7 23. fxe5 fxe5 24. Rd2 Rg5 25. Rfd1 Kf6 26. Rg1 Rxh3+ 27.
Kxh3 Rxg1 28. Kh2 Re1 29. f3 Kg5 30. Kg3 Rg1+ 31. Kf2 Rb1 32. Kg3 h5 33. Rg2 h4+
34. Kf2+ Kh5 35. Ke3 h3 36. Rg8 Kh4 37. Rg4+ Kh5 38. Rg8 Rh1 39. Rh8+ Kg5 40.
Kf2 h2 41. Kg2 Rb1 42. Kxh2 Kf4 43. Rf8+ Ke3 44. b3 Rb2+ 45. Kg3 Rxa2 46. Rf7
Rf2 47. b4 c6 48. b5 cxb5 49. Rf6 Rf1 50. Kg2 Rf2+ 51. Kg3 b4 52. cxb4 b5 53.
Kg4 Rg2+ 54. Kh5 Rb2 55. Kg4 Rxb4 56. Rxe6 Kd4 57. Rd6+ Kc3 58. Rd5 Rb1 59. Rxe5
b4 60. Rb5 b3 1/2-1/2

[Event "London Chess Classic FIDE Open"]
[Site "London ENG"]
[Date "2010.12.13"]
[Round "6"]
[White "Gregory, Philip J"]
[Black "Jones, Chris S"]
[Result "1/2-1/2"]
[WhiteElo "2096"]
[BlackElo "1848"]
[WhiteFideId "407852"]
[BlackFideId "414905"]
[EventDate "2010.12.08"]

1. e4 c5 2. c3 e6 3. d4 d5 4. exd5 exd5 5. Nf3 Nf6 6. Be2 cxd4 7. Nxd4 Be7 8.
Nd2 O-O 9. O-O Nc6 10. N2b3 h6 11. Bf4 Nxd4 12. Nxd4 a6 13. Bf3 Bd6 14. Bxd6
Qxd6 15. Re1 Bd7 16. Qd3 Rae8 17. Rad1 Re5 18. Rxe5 Qxe5 19. h3 Re8 20. Nb3 Bf5
21. Qd4 Bc2 22. Qxe5 Rxe5 23. Rc1 Bxb3 24. axb3 b6 25. b4 b5 26. Kf1 Kf8 27. Ra1
Re6 28. Rd1 Re5 29. Ra1 1/2-1/2

[Event "London Chess Classic FIDE Open"]
[Site "London ENG"]
[Date "2010.12.13"]
[Round "6"]
[White "Millward, Kevin P"]
[Black "Lang, Alexander"]
[Result "0-1"]
[WhiteElo "1954"]
[BlackElo "2079"]
[WhiteFideId "404721"]
[BlackFideId "4645588"]
[EventDate "2010.12.08"]

1. e4 c6 2. Nc3 d5 3. d3 dxe4 4. Nxe4 Nf6 5. Qe2 Nxe4 6. dxe4 g6 7. Be3 Bg7 8.
c3 Qa5 9. Qc2 Nd7 10. Bc4 b5 11. Be2 Bb7 12. Nf3 Qc7 13. O-O O-O 14. c4 b4 15.
c5 a5 16. Rad1 Rfd8 17. Nd2 Ba6 18. Bxa6 Rxa6 19. Nc4 Raa8 20. f4 Nf6 21. h3
Rxd1 22. Rxd1 Rd8 23. Rxd8+ Qxd8 24. b3 Nd7 25. Qd3 Qc7 26. e5 g5 27. g3 h5 28.
Nb6 Nf8 29. h4 gxh4 30. gxh4 f6 31. e6 Nxe6 32. Qc4 Kf7 33. f5 Qg3+ 34. Kf1 Qxe3
35. fxe6+ Qxe6 36. Qd4 Qh3+ 37. Ke2 Qg2+ 38. Kd3 Qf1+ 39. Kc2 Qe2+ 40. Kb1 Qe1+
41. Kc2 Bh6 42. Nc4 Qc1+ 43. Kd3 Qd1+ 0-1

[Event "London Chess Classic FIDE Open"]
[Site "London ENG"]
[Date "2010.12.13"]
[Round "6"]
[White "Burke, John S"]
[Black "De Luna Butz, Alberto"]
[Result "1-0"]
[WhiteElo "2078"]
[BlackElo "1846"]
[WhiteFideId "404322"]
[BlackFideId "2269007"]
[EventDate "2010.12.08"]

1. b4 e6 2. Bb2 f5 3. Nf3 Nf6 4. b5 Be7 5. g3 b6 6. Bg2 Bb7 7. O-O O-O 8. d3 a6
9. c4 c5 10. bxc6 Nxc6 11. Nc3 Qc7 12. Qb3 Na5 13. Qd1 h6 14. Rb1 Rab8 15. Qd2
Kh7 16. Rfc1 Bc6 17. Nb5 Qd8 18. Nbd4 Ba8 19. Bc3 Nc6 20. Rb3 Nxd4 21. Bxd4 Bc5
22. Be5 d6 23. Bc3 b5 24. Ba5 Qd7 25. Rcb1 Ba7 26. cxb5 Rxb5 27. Rxb5 axb5 28.
Qb2 Rb8 29. Bb4 Nd5 30. Bd2 e5 31. Bh3 g6 32. Bg2 Qc7 33. Qb3 Nf6 34. h3 Bd5 35.
Ng5+ hxg5 36. Bxd5 Bxf2+ 37. Kxf2 Qc5+ 38. Be3 Qxd5 39. Bxg5 Qxb3 40. axb3 Ne8
41. Ra1 Rb7 42. Ra8 Nc7 43. Rc8 Kg7 44. Be7 Ne6 45. Bxd6 Kf6 46. Ra8 Rb6 47. Bb4
Nd4 48. Bc5 Rc6 49. b4 Ne6 50. Be3 Rc2 51. Ra6 Kf7 52. Ra7+ Kf6 53. Rb7 f4 54.
gxf4 exf4 55. Ba7 Ra2 56. Rd7 Rb2 57. Rd5 Ra2 58. Rd7 Rb2 59. Bd4+ Nxd4 60. Rxd4
Ke5 1-0

[Event "London Chess Classic FIDE Open"]
[Site "London ENG"]
[Date "2010.12.13"]
[Round "6"]
[White "Haria, Ravi"]
[Black "Yurenok, Maria S"]
[Result "1/2-1/2"]
[BlackTitle "WFM"]
[WhiteElo "1952"]
[BlackElo "2071"]
[WhiteFideId "415820"]
[BlackFideId "409359"]
[EventDate "2010.12.08"]

1. e4 c5 2. Nf3 e6 3. c3 d5 4. e5 d4 5. Bd3 Nc6 6. O-O Nge7 7. Be4 Bd7 8. d3 Ng6
9. Bg5 Qb6 10. Bxg6 hxg6 11. Qe2 Rc8 12. Na3 dxc3 13. bxc3 Na5 14. Rab1 Qa6 15.
c4 Nc6 16. Nb5 Nb8 17. Rb2 Bxb5 18. cxb5 Qa4 19. Nd2 Qd4 20. Nc4 Nd7 21. Re1 Nb6
22. Rd2 Rh5 23. h4 Be7 24. Bxe7 Kxe7 25. Nxb6 axb6 26. Qe4 Qxe4 27. Rxe4 Rd8 28.
g3 Rd5 29. f4 Rh8 30. Kf2 Rhd8 31. Ke3 Rd4 32. Rxd4 Rxd4 33. Rb2 Ra4 34. Kd2 Rd4 1/2-1/2

[Event "London Chess Classic FIDE Open"]
[Site "London ENG"]
[Date "2010.12.13"]
[Round "6"]
[White "Green, Conrad Eliot"]
[Black "Bass, John W"]
[Result "1/2-1/2"]
[WhiteElo "1942"]
[BlackElo "2064"]
[WhiteFideId "420379"]
[BlackFideId "407925"]
[EventDate "2010.12.08"]

1. d4 Nf6 2. Nc3 d5 3. g3 Bf5 4. Bg2 e6 5. a3 c5 6. e3 Nc6 7. Nf3 h6 8. O-O Be7
9. Ne5 O-O 10. Nxc6 bxc6 11. dxc5 Bxc5 12. b4 Be7 13. Re1 Rc8 14. e4 dxe4 15.
Qd2 e3 16. Qxe3 c5 17. Be4 Bxe4 18. Nxe4 Nd5 19. Qe2 cxb4 20. axb4 Bxb4 21. Rd1
Qe7 22. c4 Nc3 23. Nxc3 Bxc3 24. Ra4 a5 25. Ba3 Bb4 26. Bxb4 axb4 27. Rb1 Rb8
28. Qb2 Rfc8 1/2-1/2